Tekst piosenki ''Wehikuł czasu'' - Statystyki

Ogólne statystyki
  • Ten quiz został rozwiązany 5 553 razy
  • Średni wynik to 27 z 31
Statystyki odpowiedzi
Tekst: Brakujące Słowa: % Poprawnych
Nie powrócą ...! Już
96%
Nie powrócą ...! Oh Już
96%
Nie powrócą ...! Nie! Już
96%
Wspaniali ... nie powrócą Ludzie
96%
Wspaniali ... nie powrócą Ludzie
96%
Wspaniali ... nie powrócą Ludzie
96%
Siódma rano to dla mnie ... Noc
95%
Tylko nocą do ... "Puls" Klubu
93%
Tylko nocą do ... "Puls" Klubu
93%
Tylko nocą do ... "Puls" Klubu
93%
Lecz we mnie zostało coś z ... lat Tamtych
93%
Jam-session do ..., tam królował blues Rana
92%
Jam-session do ..., tam królował blues Rana
92%
Jam-session do ..., tam królował blues Rana
92%
To już minęło, ten klimat, ten ... Luz
90%
To już minęło, te czasy, ten ... Luz
90%
To już minęło, te czasy, ten ... Luz
90%
... żyłem jak król Marzeniami
90%
Dużo ... dał, by przeżyć to znów Bym
89%
Pamiętam dobrze ... swój Ideał
88%
Na szyciu bluesa tak ... mi dzień Mijał
88%
Pracować nie chciałem, ... się Włóczyłem
88%
Wehikuł czasu to ... cud! Byłby
85%
Wiem jedno, że to nie poszło w ... Las
84%
Za to do ... zamykano mnie Puszki
83%
Za to ... zamykano mnie Zwykle
78%
Po knajpach grywałem za ... i chleb Piwko
77%
Mój mały, ..., muzyczny świat Intymny
76%
Gdy tak wspominam ten ... czas Miniony
70%
Znów kwiatek do lufy ... im ktoś Wetknie
50%
Mam jeszcze ..., odmieni się los Wiarę
44%
Nie znaleziono quizów pasujących do podanych kryteriów
Rozkład punktacji
Procent ludzi z każdym wynikiem
Percentyl według liczby udzielonych odpowiedzi
Twoja historia wyników
Nie rozwiązałeś tego quizu